Symposium on the nature, occurrence, and effects of sigma phase : presented at the fifty-third annual meeting ... Atlantic City, N. J., June 26-27, 1950.

Bibliographic Details
Corporate Author: American Society for Testing Materials
Format: Book
Language:English
Published: Philadelphia, Pa. : American Society for Testing Materials, [1951]
Series:ASTM special technical publication ; no. 110.
Subjects:

MARC

Tag First Indicator Second Indicator Subfields
LEADER 00000cam a2200000 4500
001 in00000093836
005 20150927070224.0
008 750402s1951 xx b a 000 0 eng c
010 |a  51002982  
035 |a (OCoLC)01249913 
035 |9 AAL5686AM 
040 |a TLM  |c TLM  |d TXA  |d UtOrBLW 
049 |a TXAM 
090 |a TN693.C5  |b A5 
110 2 |a American Society for Testing Materials. 
245 1 0 |a Symposium on the nature, occurrence, and effects of sigma phase :  |b presented at the fifty-third annual meeting ... Atlantic City, N. J., June 26-27, 1950. 
264 1 |a Philadelphia, Pa. :  |b American Society for Testing Materials,  |c [1951] 
264 4 |c ©1951 
300 |a v, 181 pages :  |b illustrations ;  |c 23 cm. 
336 |a text  |b txt  |2 rdacontent 
337 |a unmediated  |b n  |2 rdamedia 
338 |a volume  |b nc  |2 rdacarrier 
490 1 |a Special technical publication ;  |v no. 110 
500 |a "Sponsored by the Research panel of the Joint committee on the effect of temperature on the properties of metals." 
504 |a Includes bibliographical references. 
650 0 |a Chromium alloys. 
740 0 |a Sigma phase. 
830 0 |a ASTM special technical publication ;  |v no. 110. 
999 |a MARS 
999 f f |s a19a1648-ede4-31b5-b424-7d8252bbc060  |i 06b2ab71-f03e-3967-ac13-4bf3feb99030  |t 0 
952 f f |p ric  |a Texas A&M University  |b Rellis Campus  |c Joint Library Facility  |d Remote Storage  |t 0  |e TN693.C5 A5  |h Library of Congress classification  |i unmediated -- volume  |m A14834888021 
998 f f |a TN693.C5 A5  |t 0  |l Remote Storage